Statistics for Venezuela Country Quiz

Click here to take the quiz!

General Stats

  • This quiz has been taken 708 times
    (677 since last reset)
  • The average score is 14 of 22

Answer Stats

QuestionAnswer% Correct
What is the official language of Venezuela?Spanish
98%
What is the capital of Venezuela?Caracas
95%
Which three countries share land borders with Venezuela?Colombia
94%
Which three countries share land borders with Venezuela?Brazil
93%
What sea does Venezuela border to its north?{Caribbean} Sea
93%
Which three countries share land borders with Venezuela?Guyana
92%
What has become the main export of Venezuela since the early 20th century?Oil
83%
What is the tallest waterfall in the world?Angel Falls
80%
Who led the independence of six Latin American countries, including Venezuela?Simón Bolívar
77%
On what mountain range is the tallest peak in Venezuela located?Andes
72%
What is the name of the financial crisis the country is facing since November 2016?{Hyper}inflation
62%
The Gulf of Paria is located between Venezuela and which other country?Trinidad and Tobago
62%
What major city near the above shares its name with one of the major Spanish cities?Valencia
60%
What does the name Venezuela mean?Little {Venice}
57%
What president dominated the Venezuelan politics between the years 1998 and 2013?Hugo Chávez
56%
Whose presidency is currently disputed, when Juan Guaidó declared himself
as the president in January 2019?
Nicolás Maduro
49%
What major lake is connected to the Gulf of Venezuela?Lake {Maracaibo}
43%
What political party is he and was his predecessor member of?United {Socialist} Party
42%
In what international competition does Venezuela hold the most titles famously?Beauty Pageant
38%
What is the longest river that runs through Venezuela?Orinoco
38%
Which Venezuelan baseball player played for Detroit Tigers and
won the 2012 Triple Crown?
Miguel Cabrera
20%
What Venezuelan fashion designer is known for "exceptional personal style" and
dressing various U.S. first ladies?
Carolina Herrera
19%

Score Distribution

Percentile by Number Answered

Percent of People with Each Score

Your Score History

You have not taken this quiz since the last reset